00762nab a2200229uuc4500001000800000005001700008008004100025035001200066040001300078041000800091100004600099245004300145650003500188650002200223650003600245650004600281650004900327650003900376773008800415942001000503999001900513148384620240202130939.0180129e20170905 spa  a1483846 ccomduadb aspa10aEcheverri Ruiz, Otoniel4auteaut961097510aProvincias, nuevo liderazgo asociativo aProvincias de Colombia9135599 aProvincias967206 aSubregiones de Antioquia944915 aSubregiones - Antioquia, Colombia9207220 aAsociaciones de municipios - Colombia944893 aAsociaciones de municipios91770590 tMirador del Suroeste (Medellín)gNúmero 62, Septiembre 2017, 39w9485450365386 cARIMP c774772d774772